000 00935nam a2200229 i 4500
001 58288
003 ES-MaACL
005 20250404162118.0
007 t|
008 031021s1951 sp ||||1| spa d
100 1 _aDurán Cañameras, Félix.
_946209
245 1 0 _aManual práctico de arrendamientos rústicos
_b: (derecho vigente en Cataluña) /
_cpor F. Durán Cañameras.
260 _aBarcelona :
_bBosch,
_c[1951] (
_fClarasó)
300 _a343 p. ;
_c23 cm.
510 _aCCPB,
_c001118471-X
650 7 _9172886
_aArrendamiento rústico
852 _aES-MaACL
_jD-6554
_bR.31091
_bR.M.6145
_960515
_cSVI
_fSello en tinta azul de la Biblioteca del Ateneo de Madrid
_gAnotación manuscrita en cubierta: "11"
_zEn cubierta: "15. JUN. 1951"
942 _2udc
_cMONOGRAFIA
999 _c58288
_d58288